Statistics for Famous Rivers in India Quiz

Click here to take the quiz!

General Stats

  • This quiz has been taken 555 times
  • The average score is 6 of 13

Answer Stats

Answer% Correct
Ganges
100%
Brahmaputra
82%
Godavari
68%
Kaveri
68%
Krishna
67%
Narmada
67%
Mahanadi
36%
Ravi
31%
Saraswati
29%
Jhelum
27%
Chenab
26%
Satluj
24%
Sindhu
24%

Score Distribution

Percentile by Number Answered

Percent of People with Each Score

Your Score History

You have not taken this quiz